Eight-Letter First Name Chain - Statistics

General Stats
  • This quiz has been taken 21 times
  • The average score is 8 of 15
Answer Stats
Hint Answer % Correct
Da Vinci or DiCaprio Leonardo
100%
26th US President, ________ Roosevelt Theodore
85%
"A Christmas Carol" miser, ________ Scrooge Ebenezer
80%
Female main character of "Gone With the Wind" Scarlett
80%
The saint who inspired Santa Claus Nicholas
70%
Grassy plain, or a city in Georgia, USA Savannah
60%
Scottish name meaning "crooked mouth", or a brand of soup Campbell
55%
Welsh girls' name, and the title of a Fleetwood Mac song Rhiannon
50%
First name of the Polish composer Chopin Frédéric
45%
Adjective that was the name of thirteen popes Innocent
45%
Greek hero of the Trojan War Odysseus
45%
"The Life and Opinions of ________ Shandy, Gentleman" Tristram
20%
Daenerys Targaryen's title in "A Game of Thrones" Khaleesi
15%
Book of the Bible named after a minor prophet Habakkuk
5%
Unusual name derived from the Dutch word for "daisy" Madelief
0%
No matching quizzes found
Score Distribution
Percent of People with Each Score
Percentile by Number Answered
Your Score History
You have not taken this quiz